Poemas y biografía de Salomé Ureña de Henríquez / (Record no. 28362)
[ view plain ]
| 000 -CABECERA | |
|---|---|
| campo de control de longitud fija | 00798nam a2200241 a 4500 |
| 001 - NÚMERO DE CONTROL | |
| campo de control | 000028870 |
| 003 - IDENTIFICADOR DEL NÚMERO DE CONTROL | |
| campo de control | DO-SdBNP |
| 005 - FECHA Y HORA DE LA ÚLTIMA TRANSACCIÓN | |
| campo de control | 20240316073901.0 |
| 007 - CAMPO FIJO DE DESCRIPCIÓN FÍSICA--INFORMACIÓN GENERAL | |
| campo de control de longitud fija | ta |
| 008 - DATOS DE LONGITUD FIJA--INFORMACIÓN GENERAL | |
| campo de control de longitud fija | 110412s2003 dr 000 | spa d |
| 040 ## - FUENTE DE LA CATALOGACIÓN | |
| Centro catalogador/agencia de origen | DO-SdBNP |
| Lengua de catalogación | spa |
| Centro/agencia transcriptor | BNPHU |
| 082 ## - NÚMERO DE LA CLASIFICACIÓN DECIMAL DEWEY | |
| Número de edición | 22 |
| Número de clasificación | xxx |
| Número de documento/Ítem | P744 |
| 245 00 - MENCIÓN DE TÍTULO | |
| Título | Poemas y biografía de Salomé Ureña de Henríquez / |
| Mención de responsabilidad, etc. | compilado por Tomás Castro Burdiez. |
| 260 ## - PUBLICACIÓN, DISTRIBUCIÓN, ETC. | |
| Lugar de publicación, distribución, etc. | Santo Domingo : |
| Nombre del editor, distribuidor, etc. | Fundación Para la Educación y el Arte (EDUCARTE), |
| Fecha de publicación, distribución, etc. | 2003. |
| 300 ## - DESCRIPCIÓN FÍSICA | |
| Extensión | 32 p. ; |
| Dimensiones | 22 cm. |
| 490 1# - MENCIÓN DE SERIE | |
| Mención de serie | Cuadernos educaativos y culturales |
| Designación de volumen o secuencia | 3 |
| 500 ## - NOTA GENERAL | |
| Nota general | Incluye notas al pie de las páginas |
| 590 ## - NOTA LOCAL (RLIN) | |
| Nota local | Inventariado, 2022/BT |
| 700 ## - PUNTO DE ACCESO ADICIONAL--NOMBRE DE PERSONA | |
| Nombre de persona | Castro, Tomás, |
| Fechas asociadas al nombre | 1959- |
| Término indicativo de función/relación | comp. |
| 9 (RLIN) | 24641 |
| 830 #0 - PUNTO DE ACCESO ADICIONAL DE SERIE-TÍTULO UNIFORME | |
| Título uniforme | Cuadernos educativos y culturales; |
| Designación de volumen o secuencia | 3 |
| 9 (RLIN) | 55465 |
| 910 ## - DATOS DE OPCIÓN DEL USUARIO (OCLC) | |
| Datos de opción del usuario | BT |
| 942 ## - ELEMENTOS DE PUNTO DE ACCESO ADICIONAL (KOHA) | |
| Fuente del sistema de clasificación o colocación | Dewey Decimal Classification |
| Tipo de ítem Koha | Libro |
| Estado de retiro | Estado de pérdida | Fuente del sistema de clasificación o colocación | Restricciones de uso | No para préstamo | Código de colección | Localización permanente | Ubicación/localización actual | Ubicación en estantería | Fecha de adquisición | Código de barras | Fecha visto por última vez | Precio válido a partir de | Tipo de ítem Koha | Fuente de adquisición | Número de copia | Total de préstamos | Signatura topográfica completa |
|---|---|---|---|---|---|---|---|---|---|---|---|---|---|---|---|---|---|
| Dewey Decimal Classification | Excluido de préstamo | Patrimonio Dominicano | Biblioteca Nacional Pedro Henríquez Ureña | Biblioteca Nacional Pedro Henríquez Ureña | Depósito | 12.04.2011 | 28870-10 | 25.06.2020 | 25.06.2020 | Libro | |||||||
| Dewey Decimal Classification | Excluido de préstamo | Patrimonio Dominicano | Biblioteca Nacional Pedro Henríquez Ureña | Biblioteca Nacional Pedro Henríquez Ureña | Depósito | 12.05.2022 | 2022-2043 | 12.05.2022 | 12.05.2022 | Libro | Donación | e.2 | |||||
| Dewey Decimal Classification | Préstamo en sala | Dominicana de Servicio | Biblioteca Nacional Pedro Henríquez Ureña | Biblioteca Nacional Pedro Henríquez Ureña | En catalogación | 16.02.2023 | 2023-0975 | 16.02.2023 | 16.02.2023 | Folleto | e.3 | xxx P744 |
